| 000 | 01226nam a2200229Ia 4500 | ||
|---|---|---|---|
| 001 | L200-52620 | ||
| 003 | IT-CnALBA | ||
| 008 | 170116s9999||||xx |||||||||||||| ||und|| | ||
| 040 |
_aIT-CnALBA _cIT-CnALBA |
||
| 041 | _aITALIANO | ||
| 100 | _aPOSSENTI VITTORIO | ||
| 245 | 0 | _aCATTOLICESIMO E MODERNITÀ. BALBO, DEL NOCE, RODANO. | |
| 250 | _a1a ed. | ||
| 260 |
_a ROMA, MILANO. _bARES EDIZIONI _c1996 [1° Ed.:1996 - Ed.Ling.Originale: 1996] |
||
| 300 | _a230 p. | ||
| 500 | _aPROBLEMI E DOCUMENTI. INTRODUZIONE. FIGURE DEL PENSIERO CATTOLICO. L'IDEA DI MODERNITÀ. UNA RIVOLUZIONE ULTERIORE A QUELLA MARXISTA. AUGUSTO DEL NOCE, FILOSOFO ATTRAAVERSO LA STORIA DELLA FILOSOFIA. GIOVANNI GENTILE NELL'INTERPRETAZIONE DI DEL NOCE. MARXI | ||
| 501 | _aSocietà San Paolo EM - Piazza San Paolo, 14 - 12051 ALBA (CN) (non commercial uses only) ® Copyright 2017 | ||
| 520 | _aPROBLEMI E DOCUMENTI. INTRODUZIONE. FIGURE DEL PENSIERO CATTOLICO. L'IDEA DI MODERNITÀ. UNA RIVOLUZIONE ULTERIORE A QUELLA MARXISTA. AUGUSTO DEL NOCE, FILOSOFO ATTRAAVERSO LA STORIA DELLA FILOSOFIA. GIOVANNI GENTILE NELL'INTERPRETAZIONE DI DEL NOCE. MARXI | ||
| 650 | _aRELIGIONE - RELIGIONE CRISTIANA | ||
| 942 | _cBK | ||
| 957 | _71 | ||
| 999 |
_a69224 _bNO _g Copie: 1 _c311499 _d311499 |
||